000 00709nam a2200241 i 4500
001 8414
003 ES-MaACL
005 20231228063142.0
007 t|
008 920616s1992 sp ||||1| spa d
020 _a84-7954-040-0
080 _a86-14"19"
080 _a86(Panero,L.M.7 P.01)
100 1 _aPanero, Leopoldo María,
_d1948-2014
_988768
245 1 0 _aPiedra negra o del temblar /
_cLeopoldo María Panero.
250 _a[1ª ed.].
260 _aMadrid :
_bLibertarias/Prodhufi,
_c1992.
300 _a43 p. ;
_c20 cm.
490 1 _aLibros del egoísta ;
_v21
830 0 _aLibros del egoísta ;
_v21
_9178138
852 _aES-MaACL
_jL-15819
_bR.120466
999 _c8414
_d8414